| 000 | 007610000a22002050004500 | ||
|---|---|---|---|
| 090 |
_aAR _b01176 |
||
| 245 | 1 | 0 | _aAnálisis de la biodiversidad a nivel de paisaje mediante el uso de grupos indicadores: el caso de los escarabajos de estiercol |
| 650 | 1 | 4 |
_aIndices de biodiversidad _994437 |
| 650 | 1 | 4 |
_aEscarabajos _992342 |
| 650 | 1 | 4 |
_aEstudios de biodiversidad _994438 |
| 651 | 4 |
_pColombia _992749 |
|
| 041 | 0 | _aEspañol | |
| 700 | 1 |
_aEscobar Sarria, Federico _93531 |
|
| 700 | 1 |
_aOliveira, Lenita J. _994439 |
|
| 700 | 1 |
_aLouzada, Julio N. _994440 |
|
| 700 | 1 |
_aSalvadori, José Roberto _994441 |
|
| 100 | 1 |
_aVaz de Mello, Fernándo Z. _994442 |
|
| 942 | _cARTICULO | ||
| 773 | 1 |
_tMemórias da IV reuniao Latino-Americana de Scarabaeoidologia _q135-140 _d1999 |
|
| 999 |
_c10262 _d10262 |
||